Jefes, cabecillas, abusones

Bewaard in:
Bibliografische gegevens
Hoofdauteur: Harris, Marvin (Auteur)
Formaat: Boek
Taal:Spaans
Gepubliceerd in: Madrid Alianza 1993
Editie:5a. ed
Reeks:Alianza Cien
Onderwerpen:
Tags: Voeg label toe
Geen labels, Wees de eerste die dit record labelt!

MARC

LEADER 00000nam a2200000 a 4500
001 UCH7282
003 CL-VaPUC
008 091109e19930000SP |||||||||||||||||spa|d
020 |a 8420646083 
082 0 4 |a 572  |b HAR  |2 21 
100 |a Harris, Marvin  |e author  |9 564482 
245 1 0 |a Jefes, cabecillas, abusones 
250 |a 5a. ed 
300 |a 61 p 
942 |c BK 
945 |d 20091109 00:00:00  |a ccalabra 
260 |a Madrid  |b Alianza  |c 1993 
650 0 |a Etnología   |9 258726 
650 0 |a Sociología   |9 255410 
650 0 |a Antropología   |9 233030 
650 0 |a Historia universal  |9 266877 
650 0 |a Ciencias de la vida  |9 314137 
650 0 |a Razas  |9 326658 
650 7 |a RAZAS NATIVAS  |2 CL-VaPUC  |9 310726 
583 |a last modification  |c 20091109 00:00:00  |k Rodrigo Vera 
490 0 |a Alianza Cien 
999 |c 337939  |d 337937